Antenna theory : (رقم التسجيلة. 30381)

تفاصيل مارك
000 -الفاتح
حقل البيانات ثابتة الطول 01337cam a22003254a 4500
001 - رقم الضبط
رقم الضبط 13863966
003 - محدد رقم الضبط
رقم الضبط OSt
005 - وقت وتاريخ اخر تعامل مع التسجيلة
رقم الضبط 20150408114136.0
008 - عناصر البيانات ثابتة الطول - معلومات عامة
حقل البيانات ثابتة الطول 130806s2005 njua b 001 0 eng
010 ## - رقم ضبط مكتبة الكونجرس
رقم ضبط مكتبة الكونجرس 2005041794
020 ## - الرقم الدولى المعيارى للكتب
الرقم الدولى المعيارى للكتاب 047166782X (cloth)
020 ## - الرقم الدولى المعيارى للكتب
الرقم الدولى المعيارى للكتاب 9780471667827
040 ## - مصدر الفهرسة
وكالة الفهرسة الأصلية Ma-Un
042 ## - رمز التحقق
رمز التحقق pcc
050 00 - رقم طلب مكتبة الكونجرس
رقم التصنيف TK7871.6
رقم المادة .B353 2005
082 00 - رقم تصنيف ديوى العشرى
رقم التصنيف 621.3824
رقم الطبعة 22
رقم المادة BCA
100 1# - المدخل الرئيسى - إسم شخصى
الإسم الشخصى Balanis, Constantine A.,
التواريخ المصاحبة للاسم 1938-
9 (RLIN) 36535
245 10 - بيان العنوان
العنوان Antenna theory :
بقية العنوان analysis and design /
بيان المسئوليه,etc Constantine A. Balanis.
250 ## - بيان الطبعة
بيان الطبعة 3rd ed.
260 ## - PUBLICATION, DISTRIBUTION, ETC. (IMPRINT)
مكان الناشر او الموزع Hoboken, NJ :
اسم الناشر او الموزع John Wiley,
تاريخ النشر أو التوزيع c2005.
300 ## - الوصف المادى
التعداد xvii, 1117 p. :
تفاصيل ماديه اخرى للوعاء ill. ;
أبعاد الوعاء 26 cm. +
المادة المصاحبة 1 CD-ROM (4 3/4 in.)
504 ## - تبصرة ببليوجرافية
تبصرة ببليوجرافية,الخ Includes bibliographical references and index.
650 #0 - المدخل الاضافى بالموضوع-مصطلح موضوعى
مصطلح موضوعي أو اسم جغرافي كعنصر مدخل Antennas (Electronics)
9 (RLIN) 12112
856 42 - الوصول و الموقع الالكترونى
مواد محددة Contributor biographical information
معرف المصدر الموحد http://www.loc.gov/catdir/enhancements/fy0623/2005041794-b.html
856 42 - الوصول و الموقع الالكترونى
مواد محددة Publisher description
معرف المصدر الموحد http://www.loc.gov/catdir/enhancements/fy0623/2005041794-d.html
856 41 - الوصول و الموقع الالكترونى
مواد محددة Table of contents only
معرف المصدر الموحد http://www.loc.gov/catdir/enhancements/fy0623/2005041794-t.html
906 ## - عنصر بيانات محلى F, LDF (RLIN)
a 7
b cbc
c orignew
d 1
e ocip
f 20
g y-gencatlg
942 ## -
-- ddc
-- BOOK
999 ## -
-- 30381
-- 264881
المقتنيات
حالة الفقد نموذج السعر الفعال حالة تلف ليس للاعارة رقم الطلب رقم النسخة تاريخ الاكتساب Serial Enumeration / chronology الباركود الفرع الرئيسي Date last seen نوع المادة فى نظام كوها مصدر التصنيف او خطة الترفيف Total Checkouts Date last checked out
  2013-08-06   Not For Loan 621.3824 BCA 1 2013-08-06 CL 00206146 المكتبة المركزية بالمجمعة (CL) 2013-08-06 كتاب Dewey Decimal Classification    
  2013-08-06     621.3824 BCA 2 2013-08-06 CL 00206145 المكتبة المركزية بالمجمعة (CL) 2014-12-23 كتاب Dewey Decimal Classification 1 2014-08-21
  2013-10-17     621.3824 BCA 3 2013-10-17 CL 00206863 المكتبة المركزية بالمجمعة (CL) 2013-10-17 كتاب Dewey Decimal Classification